书目信息 |
| 题名: |
国民政府对日政策及其变化
|
|
| 作者: | 彭敦文 著 | |
| 分册: | ||
| 出版信息: | 北京 社会科学文献出版社 2007 |
|
| 页数: | 338页 | |
| 开本: | 22cm | |
| 丛书名: | 中国社会科学院中日历史研究中心文库 | |
| 单 册: | ||
| 中图分类: | D829.313 | |
| 科图分类: | ||
| 主题词: | 中国对外政策 , 中日关系 | |
| 电子资源: | ||
| ISBN: | 978-7-80230-575-5 | |
| 000 | 01198oam2 2200301 450 | |
| 001 | 003570096 | |
| 005 | 20120626152944.43 | |
| 010 | @a978-7-80230-575-5@dCNY25.00 | |
| 100 | @a20070924d2007 em y0chiy0110 ea | |
| 101 | 0 | @achi |
| 102 | @aCN@b110000 | |
| 105 | @ay z 000yy | |
| 106 | @ar | |
| 200 | 1 | @a国民政府对日政策及其变化@9guo min zheng fu dui ri zheng ce ji qi bian hua@e从九一八事变到七七事变@f彭敦文著 |
| 210 | @a北京@c社会科学文献出版社@d2007 | |
| 215 | @a338页@d22cm | |
| 225 | 2 | @a中国社会科学院中日历史研究中心文库 |
| 330 | @a本书在吸收国内外相关研究成果的基础上,仔细解读各种史料,深入寻绎各种变化的历史轨迹和相关联系,依次考察了国民政府面对日本侵华所采取的不抵抗政策、有限抵抗政策、向国联的申诉政策、对日交涉政策、对日交涉政策的调整和转变等。 | |
| 461 | 0 | @12001 @a中国社会科学院中日历史研究中心文库 |
| 517 | 1 | @a从九一八事变到七七事变@9cong jiu yi ba shi bian dao qi qi shi bian |
| 601 | 02 | @a国民政府@x中国对外政策@x中日关系@x研究@z1931~1937 |
| 601 | 02 | @a国民政府 |
| 606 | 0 | @a中国对外政策 |
| 606 | 0 | @a中日关系 |
| 690 | @aD829.313@v4 | |
| 701 | 0 | @a彭敦文@9peng dun wen@f(1962~)@4著 |
| 801 | 0 | @aCN@bNLC@c20071017 |
| 905 | @b541212-16@dD829.313@e129@f5 | |
| 国民政府对日政策及其变化:从九一八事变到七七事变/彭敦文著.-北京:社会科学文献出版社,2007 |
| 338页;22cm.-(中国社会科学院中日历史研究中心文库) |
| ISBN 978-7-80230-575-5:CNY25.00 |
| 本书在吸收国内外相关研究成果的基础上,仔细解读各种史料,深入寻绎各种变化的历史轨迹和相关联系,依次考察了国民政府面对日本侵华所采取的不抵抗政策、有限抵抗政策、向国联的申诉政策、对日交涉政策、对日交涉政策的调整和转变等。 |
| ● |
| 相关链接 |
|
|
|
|
正题名:国民政府对日政策及其变化
索取号:D829.313/129
 
预约/预借
| 序号 | 登录号 | 条形码 | 馆藏地/架位号 | 状态 | 备注 |
| 1 | 541212 | 205412123 | 第一样本阅览室/ [索取号:D829.313/129] | 在馆 | |
| 2 | 541213 | 205412132 | 第一借阅区/ [索取号:D829.313/129] | 在馆 | |
| 3 | 541214 | 205412141 | 第一借阅区/ [索取号:D829.313/129] | 在馆 | |
| 4 | 541215 | 205412150 | 第一借阅区/ [索取号:D829.313/129] | 在馆 | |
| 5 | 541216 | 205412169 | 密集书库-史法系/ [索取号:D829.313/129] | 在馆 |